[Event "VI Obert Internacional Ciutat de Sabadel"]
[Site "Sabadell"]
[Date "2013.09.07"]
[Round "6"]
[White "Grau Pacheco, Marc"]
[Black "Valencia Jimenez, Jose"]
[Result "0-1"]
[WhiteElo "2006"]
[BlackElo "2126"]
[PlyCount "76"]
[EventDate "2013.09.02"]
[EventRounds "9"]
[EventCountry "ESP"]

1. e4 c5 2. d4 cxd4 3. c3 g6 4. cxd4 d5 5. e5 Bg7 6. Nc3 Nc6 7. Nf3 Bg4 8. Be2
Nh6 9. Be3 O-O 10. Qb3 Nf5 11. Rd1 Qb6 12. Qxb6 axb6 13. h3 Bxf3 14. Bxf3 e6
15. g4 Nxe3 16. fxe3 f6 17. exf6 Bxf6 18. Ke2 g5 19. Rhf1 Kg7 20. Kd2 b5 21. a3
Na5 22. Be2 Nc4+ 23. Bxc4 bxc4 24. Ra1 Ra5 25. Ne2 b5 26. Ng3 Be7 27. Rxf8 Bxf8
28. Rf1 Be7 29. Kc2 Ra8 30. Nh5+ Kg6 31. Ng3 Rb8 32. Ra1 Bd6 33. Rg1 Bxg3 34.
Rxg3 Rf8 35. Kc3 Rf2 36. b3 Kf6 37. e4 dxe4 38. Re3 Rf3 0-1

[Event "VI Obert Internacional Ciutat de Sabadel"]
[Site "Sabadell"]
[Date "2013.09.07"]
[Round "6"]
[White "Uran Bermudez, Oliver Kevin"]
[Black "Salagran Ferragut, Guillem"]
[Result "1-0"]
[WhiteElo "2092"]
[BlackElo "1995"]
[PlyCount "120"]
[EventDate "2013.09.02"]
[EventRounds "9"]
[EventCountry "ESP"]

1. e4 c5 2. Nf3 e6 3. d4 cxd4 4. Nxd4 Nf6 5. Bd3 d6 6. c4 Be7 7. O-O O-O 8. Kh1
b6 9. f4 Bb7 10. Nc3 Nbd7 11. Qe2 Qc7 12. Bd2 a6 13. Rae1 Rfd8 14. Nf3 Bf8 15.
Bb1 Rac8 16. b3 Qb8 17. Bc1 d5 18. e5 Ne4 19. Nxe4 dxe4 20. Ng5 Be7 21. Nxe4
Nc5 22. Nxc5 Bxc5 23. f5 Bb4 24. fxe6 fxe6 25. Bxh7+ Kxh7 26. Qh5+ Kg8 27. Qf7+
Kh8 28. Re3 Bxg2+ 29. Kxg2 Qa8+ 30. Kg1 Bc5 31. Rff3 Rd1+ 32. Kf2 Qxf3+ 33.
Qxf3 Rf8 34. Qxf8+ Bxf8 35. Re1 Bc5+ 36. Ke2 Rd4 37. Kf3 Rd3+ 38. Be3 Rc3 39.
Re2 Kh7 40. Kf2 Kg6 41. Bxc5 bxc5 42. Ke1 Rd3 43. Rg2+ Kf7 44. Ke2 Rh3 45. Kd2
Rh5 46. Re2 Kg6 47. b4 cxb4 48. c5 Rh3 49. Re3 Rxh2+ 50. Kd3 Kf7 51. Kc4 Rxa2
52. Kxb4 Rb2+ 53. Kc3 Rb7 54. Kc4 Ke7 55. Ra3 Ra7 56. c6 Kd8 57. Kc5 Kc8 58.
Kb6 Kb8 59. Rf3 Rc7 60. Rf8+ Rc8 1-0

[Event "VI Obert Internacional Ciutat de Sabadel"]
[Site "Sabadell"]
[Date "2013.09.07"]
[Round "6"]
[White "Prats Rodriguez, Juan Bosco"]
[Black "Tardio Fran, Emilio"]
[Result "1-0"]
[WhiteElo "2074"]
[BlackElo "1853"]
[PlyCount "81"]
[EventDate "2013.09.02"]
[EventRounds "9"]
[EventCountry "ESP"]

1. e4 a6 2. d4 b5 3. Nf3 e6 4. Bd3 Bb7 5. Qe2 Nf6 6. Bg5 h6 7. Bh4 c5 8. c3 Qc8
9. Bxf6 gxf6 10. O-O Nc6 11. Nbd2 h5 12. h4 Ne7 13. g3 Ng6 14. Kh2 Qc7 15. a4
c4 16. Bc2 Rd8 17. axb5 axb5 18. Ra7 Rg8 19. Qe3 Bd6 20. e5 fxe5 21. dxe5 Bc5
22. Rxb7 Qc8 23. Qe4 d5 24. exd6 Rxd6 25. Rxb5 f5 26. Qb7 Rc6 27. Nxc4 f4 28.
Ba4 Kf8 29. Qxc6 Qxc6 30. Rb8+ Ke7 31. Bxc6 Rxb8 32. b4 Ba7 33. Kg2 Rf8 34. Rd1
Bb8 35. Rd7+ Kf6 36. Ng5 f3+ 37. Nxf3 Rg8 38. Ng5 Ne5 39. Nxe5 Kxe5 40. f4+ Kf5
41. Rf7+ 1-0

[Event "VI Obert Internacional Ciutat de Sabadel"]
[Site "Sabadell"]
[Date "2013.09.07"]
[Round "6"]
[White "Castells Briones, Miquel"]
[Black "Cardenas, Fernando Adrian"]
[Result "0-1"]
[WhiteElo "1988"]
[BlackElo "1963"]
[PlyCount "186"]
[EventDate "2013.09.02"]
[EventRounds "9"]
[EventCountry "ESP"]

1. d4 d5 2. Nf3 e6 3. c4 c5 4. g3 Nc6 5. cxd5 exd5 6. Bg2 Nf6 7. Nc3 Be7 8. O-O
O-O 9. Bg5 c4 10. Qc2 h6 11. Be3 Bg4 12. h3 Be6 13. Rad1 Qa5 14. Ne5 Rad8 15.
f4 Rfe8 16. f5 Bc8 17. g4 Nxe5 18. dxe5 Bc5 19. exf6 Bxe3+ 20. Kh1 d4 21. Ne4
b5 22. fxg7 Kxg7 23. f6+ Kh8 24. Ng3 Qb6 25. Nf5 Bb7 26. Ne7 Bxg2+ 27. Kxg2 Qe6
28. Rf5 d3 29. exd3 cxd3 30. Qb3 Qxb3 31. axb3 Bg5 32. Nd5 d2 33. Kf1 Re6 34.
h4 Bxh4 35. Rxd2 Rxf6 36. Ke2 Re6+ 37. Kf3 Bg5 38. Rh2 Kg7 39. Rc2 Red6 40. Ke4
R8d7 41. Nc7 Re7+ 42. Kf3 Rd3+ 43. Kg2 Re4 44. Rcf2 Rxg4+ 45. Kh2 Rxb3 46.
Rxf7+ Kg6 47. Ne6 Be3 48. R2f6+ Kh5 49. Ng7+ Rxg7 50. Rxg7 Rxb2+ 51. Kg3 Rb3
52. Rf3 Ra3 53. Kg2 Ra2+ 54. Kf1 Bg5 55. Rb3 a6 56. Ra7 Ra4 57. Kg2 Kg4 58. Rb2
b4 59. Rc7 a5 60. Rc4+ Kh5 61. Rb3 Ra2+ 62. Kf3 Kg6 63. Rd3 Rb2 64. Rd6+ Kh5
65. Ra6 Rb3+ 66. Ke4 Ra3 67. Rc5 b3 68. Rb5 a4 69. Kd3 Ra2 70. Rba5 Rd2+ 71.
Kc3 Rc2+ 72. Kd3 Rd2+ 73. Kc3 Ra2 74. Rxa4 b2 75. Kc2 Rxa4 76. Rxa4 Bf6 77. Rb4
Kg5 78. Kd3 Kf5 79. Rb5+ Kf4 80. Kc2 Be5 81. Rb7 h5 82. Rb4+ Kf5 83. Kd3 h4 84.
Kc2 h3 85. Rh4 h2 86. Kb1 Kg5 87. Rh3 Kf4 88. Rh6 Kg3 89. Rg6+ Kf3 90. Rh6 Kg2
91. Rh7 h1=R+ 92. Rxh1 Kxh1 93. Kc2 Kg2 0-1

[Event "VI Obert Internacional Ciutat de Sabadel"]
[Site "Sabadell"]
[Date "2013.09.08"]
[Round "7"]
[White "Kjartansson, Gudmundur"]
[Black "Movsziszian, Karen"]
[Result "1-0"]
[WhiteElo "2434"]
[BlackElo "2503"]
[PlyCount "94"]
[EventDate "2013.09.02"]
[EventRounds "9"]
[EventCountry "ESP"]

1. g3 g6 2. Bg2 Bg7 3. c4 d6 4. Nc3 e5 5. e3 f5 6. d4 Nd7 7. Nge2 Ngf6 8. dxe5
dxe5 9. e4 O-O 10. O-O c6 11. exf5 gxf5 12. Qc2 Nc5 13. Rd1 Qe8 14. b3 Rf7 15.
b4 Ne6 16. Rb1 Bd7 17. b5 Rc8 18. bxc6 bxc6 19. Rb7 Bf8 20. Qxf5 Nc5 21. Qg5+
Rg7 22. Qxf6 Nxb7 23. Bh6 Rf7 24. Qg5+ Kh8 25. Bxf8 Rxf8 26. Ne4 Bf5 27. N2c3
Rd8 28. Re1 Qf7 29. Qe3 Na5 30. c5 Nc4 31. Qg5 Rd4 32. h4 Qg7 33. Qc1 Rfd8 34.
Ne2 Bxe4 35. Nxd4 Bxg2 36. Nf5 Qg4 37. Kxg2 Nd2 38. Nd6 Qf3+ 39. Kh3 Qxf2 40.
Rxe5 Nf3 41. Qf4 Ng1+ 42. Kg4 Rg8+ 43. Kh5 Qxf4 44. gxf4 Nh3 45. f5 Kg7 46.
Re7+ Kf6 47. Re6+ Kg7 1-0

[Event "VI Obert Internacional Ciutat de Sabadel"]
[Site "Sabadell"]
[Date "2013.09.08"]
[Round "7"]
[White "Munoz Pantoja, Miguel"]
[Black "Moreno Ruiz, Javier"]
[Result "1/2-1/2"]
[WhiteElo "2457"]
[BlackElo "2469"]
[PlyCount "35"]
[EventDate "2013.09.02"]
[EventRounds "9"]
[EventCountry "ESP"]

1. e4 c5 2. Nf3 Nc6 3. d4 cxd4 4. Nxd4 g6 5. c4 Nf6 6. Nc3 d6 7. Be2 Nxd4 8.
Qxd4 Bg7 9. Bg5 O-O 10. Qd2 a5 11. Rd1 Be6 12. O-O a4 13. f3 Qb6+ 14. Be3 Qb4
15. Nd5 Nxd5 16. cxd5 Qxd2 17. Rxd2 Bd7 18. Rc1 1/2-1/2

[Event "VI Obert Internacional Ciutat de Sabadel"]
[Site "Sabadell"]
[Date "2013.09.08"]
[Round "7"]
[White "Gonzalez Perez, Arian"]
[Black "Ortin Caballe, Juan Jose"]
[Result "1-0"]
[WhiteElo "2466"]
[BlackElo "1955"]
[PlyCount "60"]
[EventDate "2013.09.02"]
[EventRounds "9"]
[EventCountry "ESP"]

1. e4 c5 2. Nf3 d6 3. d4 cxd4 4. Nxd4 Nf6 5. Nc3 a6 6. Bg5 e6 7. f4 Be7 8. Qf3
Qc7 9. O-O-O Nbd7 10. g4 b5 11. Bxf6 Nxf6 12. g5 Nd7 13. f5 Bxg5+ 14. Kb1 Ne5
15. Qh5 Qe7 16. Nxe6 Bxe6 17. fxe6 g6 18. exf7+ Kxf7 19. Qe2 Kg7 20. Nd5 Qd8
21. Qe1 Rf8 22. h4 Bh6 23. h5 Ra7 24. hxg6 hxg6 25. Rxh6 Rxf1 26. Qxf1 Kxh6 27.
Qh3+ Kg7 28. Rh1 Nf7 29. Qh7+ Kf8 30. Rf1 Ra8 1-0

[Event "VI Obert Internacional Ciutat de Sabadel"]
[Site "Sabadell"]
[Date "2013.09.08"]
[Round "7"]
[White "Gomez Jurado, Luis Alberto"]
[Black "Lorenzo De La Riva, Lazaro"]
[Result "1/2-1/2"]
[WhiteElo "2316"]
[BlackElo "2427"]
[PlyCount "53"]
[EventDate "2013.09.02"]
[EventRounds "9"]
[EventCountry "ESP"]

1. c4 b6 2. Nc3 Bb7 3. e4 e5 4. d3 Bc5 5. g3 Nc6 6. Bg2 Nge7 7. a3 a5 8. Rb1
O-O 9. Nge2 f5 10. O-O Qc8 11. Nd5 Nxd5 12. exd5 Nd4 13. b4 axb4 14. axb4 Nxe2+
15. Qxe2 Bd4 16. Be3 Qe8 17. Bxd4 exd4 18. Qb2 Qe5 19. Rfe1 Qf6 20. Re2 Rae8
21. Rbe1 Rxe2 22. Qxe2 Bc8 23. Qe7 Qxe7 24. Rxe7 Rf7 25. Re1 d6 26. Re8+ Rf8
27. Re7 1/2-1/2

[Event "VI Obert Internacional Ciutat de Sabadel"]
[Site "Sabadell"]
[Date "2013.09.08"]
[Round "7"]
[White "Rojas Keim, Luis"]
[Black "Espinoza Palomino, Willyam"]
[Result "1/2-1/2"]
[WhiteElo "2408"]
[BlackElo "2355"]
[PlyCount "74"]
[EventDate "2013.09.02"]
[EventRounds "9"]
[EventCountry "ESP"]

1. d4 d5 2. c4 c6 3. Nf3 Nf6 4. Nc3 dxc4 5. e3 b5 6. a4 b4 7. Na2 e6 8. Bxc4
Be7 9. Bd2 a5 10. O-O O-O 11. Nc1 c5 12. Nb3 Nbd7 13. Rc1 cxd4 14. Nfxd4 Bb7
15. f3 Qb6 16. Qe2 Rfc8 17. Bb5 Bd5 18. Qf2 Nc5 19. Na1 Bb7 20. e4 Ba6 21. Be3
Qb7 22. Nab3 Nxb3 23. Bxa6 Qxa6 24. Nxb3 Nd7 25. Rfd1 Rxc1 26. Nxc1 Qc6 27. Qd2
Bc5 28. Bxc5 Qxc5+ 29. Qd4 Kf8 30. Kf2 Ke7 31. Qxc5+ Nxc5 32. b3 Rc8 33. Ke2 f6
34. Kd2 e5 35. Re1 Ne6 36. Ne2 Rd8+ 37. Kc2 Nd4+ 1/2-1/2

[Event "VI Obert Internacional Ciutat de Sabadel"]
[Site "Sabadell"]
[Date "2013.09.08"]
[Round "7"]
[White "Valencia Jimenez, Jose"]
[Black "Jerez Perez, Alfonso"]
[Result "0-1"]
[WhiteElo "2126"]
[BlackElo "2376"]
[PlyCount "41"]
[EventDate "2013.09.02"]
[EventRounds "9"]
[EventCountry "ESP"]

1. Nf3 Nf6 2. c4 g6 3. g3 Bg7 4. Bg2 d5 5. cxd5 Nxd5 6. Nc3 Nb6 7. O-O Nc6 8.
d3 O-O 9. Be3 e5 10. Qd2 Re8 11. Rac1 Nd4 12. Rfe1 c6 13. b3 a5 14. Kh1 a4 15.
bxa4 Nxa4 16. Nxa4 Rxa4 17. Nxd4 exd4 18. Bf4 Be6 19. Rc2 Qc7 20. Rb1 Rea8 21.
Rbb2 0-1

[Event "VI Obert Internacional Ciutat de Sabadel"]
[Site "Sabadell"]
[Date "2013.09.08"]
[Round "7"]
[White "Vidarte Morales, Arturo"]
[Black "Uran Bermudez, Oliver Kevin"]
[Result "1/2-1/2"]
[WhiteElo "2337"]
[BlackElo "2092"]
[PlyCount "93"]
[EventDate "2013.09.02"]
[EventRounds "9"]
[EventCountry "ESP"]

1. c4 e5 2. g3 Nf6 3. Bg2 Bc5 4. Nc3 O-O 5. Nf3 e4 6. Ng5 Bxf2+ 7. Kxf2 Ng4+ 8.
Kg1 Qxg5 9. Nxe4 Qg6 10. d3 d6 11. h3 Nf6 12. Kh2 Nc6 13. Bf4 Nxe4 14. Bxe4 Qh5
15. Kg2 Bf5 16. Bf3 Qg6 17. e4 Bd7 18. d4 Rae8 19. Re1 Bc8 20. Qd3 Re7 21. Rad1
Qf6 22. h4 h6 23. Qd2 a5 24. b3 b6 25. a3 Rfe8 26. h5 Qe6 27. Kg1 Qf6 28. Qb2
g5 29. hxg6 fxg6 30. e5 dxe5 31. Bxc6 Qxc6 32. Rxe5 g5 33. Rxe7 Rxe7 34. Be5
Rf7 35. d5 Qc5+ 36. Qd4 Qxa3 37. d6 cxd6 38. Qxd6 Qxd6 39. Rxd6 Bh3 40. Rxh6
Rf1+ 41. Kh2 g4 42. Bd4 Rd1 43. Bxb6 Rd2+ 44. Kh1 Rd1+ 45. Kh2 Rd2+ 46. Kh1
Rd1+ 47. Kh2 1/2-1/2

[Event "VI Obert Internacional Ciutat de Sabadel"]
[Site "Sabadell"]
[Date "2013.09.08"]
[Round "7"]
[White "Nadal Fajardo, Ricard"]
[Black "Diaz Velandia, Jose Manuel"]
[Result "0-1"]
[WhiteElo "1962"]
[BlackElo "2317"]
[PlyCount "66"]
[EventDate "2013.09.02"]
[EventRounds "9"]
[EventCountry "ESP"]

1. d4 d5 2. c4 e6 3. cxd5 exd5 4. Nc3 Nf6 5. g3 c5 6. Bg2 cxd4 7. Qxd4 Nc6 8.
Qd1 d4 9. Ne4 Bf5 10. Nxf6+ Qxf6 11. a3 Bc5 12. Nf3 O-O 13. O-O Rfe8 14. Nh4
Bg4 15. Nf3 h6 16. Bf4 g5 17. Bc7 a5 18. Rc1 b6 19. b4 axb4 20. axb4 Nxb4 21.
Ne5 Bf5 22. Bxa8 Rxa8 23. Nf3 Re8 24. Re1 Be4 25. Rc4 Bd5 26. Rc1 Bb7 27. Rxc5
bxc5 28. Ba5 Nc6 29. Bb6 Ne5 30. Nxe5 Qxb6 31. Nc4 Qe6 32. Nb2 Qe4 33. f3 Qe3+
0-1

[Event "VI Obert Internacional Ciutat de Sabadel"]
[Site "Sabadell"]
[Date "2013.09.08"]
[Round "7"]
[White "Saez Coma, Alejandro"]
[Black "Gascon, Jose Rafael"]
[Result "0-1"]
[WhiteElo "2017"]
[BlackElo "2268"]
[PlyCount "68"]
[EventDate "2013.09.02"]
[EventRounds "9"]
[EventCountry "ESP"]

1. d4 Nf6 2. c4 g6 3. Nc3 Bg7 4. e4 d6 5. Nge2 O-O 6. Ng3 e5 7. d5 h5 8. h4 Bg4
9. Be2 Qe8 10. Bxg4 Nxg4 11. f3 Nh6 12. Bd2 Na6 13. Qe2 f5 14. exf5 gxf5 15.
O-O-O Qg6 16. Bg5 Nc5 17. Rdg1 a5 18. Kd1 a4 19. Nxh5 Qxh5 20. g4 fxg4 21. fxg4
Qg6 22. Bxh6 Bxh6 23. g5 Bg7 24. h5 Qd3+ 25. Qxd3 Nxd3 26. Ke2 Nf4+ 27. Ke3 e4
28. Nxe4 Rae8 29. h6 Bxb2 30. g6 Rf5 31. Rg4 Nh5 32. Kd3 Nf6 33. Nxf6+ Bxf6 34.
g7 Kh7 0-1

[Event "VI Obert Internacional Ciutat de Sabadel"]
[Site "Sabadell"]
[Date "2013.09.08"]
[Round "7"]
[White "Aryan, Chopra"]
[Black "Prats Rodriguez, Juan Bosco"]
[Result "1-0"]
[WhiteElo "2189"]
[BlackElo "2074"]
[PlyCount "75"]
[EventDate "2013.09.02"]
[EventRounds "9"]
[EventCountry "ESP"]

1. e4 d6 2. d4 Nf6 3. Nc3 g6 4. f4 Bg7 5. Nf3 c5 6. Bb5+ Bd7 7. e5 Ng4 8. Bxd7+
Qxd7 9. d5 dxe5 10. h3 e4 11. Nxe4 Nf6 12. Nxf6+ Bxf6 13. O-O O-O 14. Ne5 Qd6
15. Nc4 Qa6 16. Ne3 Nd7 17. Qf3 Rad8 18. c3 b5 19. f5 Ne5 20. Qe4 Qb7 21. Bd2
Bg7 22. Rae1 c4 23. b3 Qa6 24. bxc4 bxc4 25. Ng4 Nxg4 26. hxg4 Qxa2 27. Bg5 f6
28. Be3 gxf5 29. gxf5 Qb3 30. Bc5 Qxc3 31. Bxe7 Rfe8 32. d6 Kh8 33. d7 Rxe7 34.
Qxe7 Qa5 35. Rf4 Qb6+ 36. Kh1 Bf8 37. Qxd8 Qxd8 38. Re8 1-0

[Event "VI Obert Internacional Ciutat de Sabadel"]
[Site "Sabadell"]
[Date "2013.09.08"]
[Round "7"]
[White "Pozanco Romasanta, Marc"]
[Black "Sayrol Clols, Josep Maria"]
[Result "1/2-1/2"]
[WhiteElo "2067"]
[BlackElo "2111"]
[PlyCount "86"]
[EventDate "2013.09.02"]
[EventRounds "9"]
[EventCountry "ESP"]

1. d4 d5 2. c4 e6 3. Nc3 c6 4. cxd5 exd5 5. Bf4 Nf6 6. Qc2 Be7 7. e3 O-O 8. Bd3
Re8 9. Nge2 a5 10. O-O Na6 11. a3 Nc7 12. Be5 h6 13. f4 Ng4 14. Rf3 Ne6 15. h3
Nxe5 16. dxe5 d4 17. Bh7+ Kh8 18. Rd1 c5 19. Bf5 Qb6 20. Nd5 Qd8 21. Nxe7 Qxe7
22. Bxe6 Bxe6 23. exd4 cxd4 24. Nxd4 Rac8 25. Rc3 Rxc3 26. Qxc3 a4 27. Nxe6
Qxe6 28. Qc7 Qb3 29. Rd7 Qe3+ 30. Kh1 Qxf4 31. Rxf7 Qg3 32. e6 Qg6 33. Qxb7
Rxe6 34. Qf3 Qb1+ 35. Kh2 Qxb2 36. Rf8+ Kh7 37. Qf5+ Rg6 38. Qd5 Rg5 39. Qe4+
Rg6 40. Ra8 Qxa3 41. Rxa4 Qd6+ 42. Kh1 Qd1+ 43. Kh2 Qd6+ 1/2-1/2

[Event "VI Obert Internacional Ciutat de Sabadel"]
[Site "Sabadell"]
[Date "2013.09.08"]
[Round "7"]
[White "Cardenas, Fernando Adrian"]
[Black "Grau Pacheco, Marc"]
[Result "1-0"]
[WhiteElo "1963"]
[BlackElo "2006"]
[PlyCount "148"]
[EventDate "2013.09.02"]
[EventRounds "9"]
[EventCountry "ESP"]

1. Nf3 Nf6 2. d4 e6 3. c4 b6 4. g3 Bb7 5. Bg2 Bb4+ 6. Bd2 Qe7 7. O-O O-O 8. Nc3
d5 9. cxd5 exd5 10. Rc1 c5 11. Bg5 Nbd7 12. a3 Ba5 13. Qd3 Qe6 14. Bxf6 Nxf6
15. Ne5 c4 16. Qc2 Rab8 17. e3 Ne8 18. Ne2 f6 19. Nf4 Qd6 20. Nxc4 dxc4 21.
Qxc4+ Kh8 22. b4 b5 23. Qc5 Qxc5 24. Rxc5 Bxg2 25. Kxg2 Bd8 26. Rfc1 Nd6 27.
Rc6 Nc4 28. a4 Nb2 29. axb5 Be7 30. Nd5 Bxb4 31. Nxb4 Rxb5 32. Na6 Nd3 33. Rd1
Nb4 34. Nxb4 Rxb4 35. Rd2 Kg8 36. Ra2 Ra8 37. Rca6 Rb7 38. d5 Re7 39. R2a4 f5
40. Kf3 Rd8 41. Rd4 Red7 42. d6 Kf7 43. Kf4 Ke6 44. e4 fxe4 45. Rxe4+ Kf6 46.
h4 Rxd6 47. Rxa7 R8d7 48. Raa4 h6 49. h5 Rd5 50. g4 R7d6 51. f3 Rd7 52. Ra6+
R7d6 53. Ra8 Rd8 54. Rxd8 Rxd8 55. Kg3 Rd3 56. Rf4+ Ke6 57. Rf8 Ke7 58. Rf5 Ke6
59. Ra5 Rd6 60. Kf4 Rd4+ 61. Ke3 Rb4 62. Ra6+ Ke7 63. f4 Rb3+ 64. Ke4 Rb4+ 65.
Kf5 Rb5+ 66. Kg6 Rb4 67. Kxg7 Rxf4 68. Rg6 Rf7+ 69. Kxh6 Kf8 70. Ra6 Rc7 71. g5
Kg8 72. Ra8+ Kf7 73. g6+ Kf6 74. Rf8+ Ke7 1-0

[Event "VI Obert Internacional Ciutat de Sabadel"]
[Site "Sabadell"]
[Date "2013.09.08"]
[Round "7"]
[White "Salagran Ferragut, Guillem"]
[Black "Ridameya Tatche, Jose Miguel"]
[Result "1/2-1/2"]
[WhiteElo "1995"]
[BlackElo "2007"]
[PlyCount "99"]
[EventDate "2013.09.02"]
[EventRounds "9"]
[EventCountry "ESP"]

1. e4 e5 2. Nf3 Nc6 3. Bb5 a6 4. Ba4 Nf6 5. d3 b5 6. Bb3 Be7 7. O-O h6 8. Re1
d6 9. c3 Bg4 10. Nbd2 Na5 11. Bc2 c5 12. h3 Bh5 13. Nf1 g5 14. Ng3 Bg6 15. a4
b4 16. Nh2 Qc8 17. Ng4 Nxg4 18. hxg4 Bf6 19. Bd2 Rb8 20. Qf3 Bg7 21. Nf5 Bxf5
22. exf5 b3 23. Bb1 Bf6 24. Qe2 O-O 25. d4 exd4 26. cxd4 Nc6 27. dxc5 Nd4 28.
Qd3 dxc5 29. Qh3 Kg7 30. Bc3 Qd7 31. Bd3 Qd6 32. Rac1 Rfe8 33. Bc4 Rbd8 34. Qh5
Re7 35. Rxe7 Qxe7 36. Re1 Qd7 37. Bxb3 Re8 38. Rd1 Qb7 39. Bc4 Re7 40. Qh3 Qc6
41. a5 Qa4 42. b3 Qc6 43. Kh1 Rb7 44. Qd3 Qd6 45. b4 Rd7 46. Bxa6 cxb4 47. Be1
b3 48. Bc3 Qf4 49. Qh3 Qxf2 50. Bxd4 1/2-1/2

[Event "VI Obert Internacional Ciutat de Sabadel"]
[Site "Sabadell"]
[Date "2013.09.08"]
[Round "7"]
[White "Tardio Fran, Emilio"]
[Black "Castells Briones, Miquel"]
[Result "0-1"]
[WhiteElo "1853"]
[BlackElo "1988"]
[PlyCount "76"]
[EventDate "2013.09.02"]
[EventRounds "9"]
[EventCountry "ESP"]

1. e4 c5 2. Nf3 e6 3. d4 cxd4 4. Nxd4 Nf6 5. Nc3 Nc6 6. Be2 Bb4 7. Nxc6 bxc6 8.
e5 Nd5 9. Bd2 Nxc3 10. bxc3 Bc5 11. Bd3 Qc7 12. Qe2 Be7 13. O-O c5 14. f4 Bb7
15. c4 g6 16. Rad1 Qc6 17. Bc3 Rb8 18. Rd2 O-O 19. Rf3 Ba8 20. Rg3 Bh4 21. Rf3
Qa4 22. Rh3 Be7 23. f5 Qc6 24. Qg4 Rb1+ 25. Bf1 exf5 26. Qf4 h5 27. Qh6 Rfb8
28. e6 Rxf1+ 29. Kxf1 Rb1+ 30. Rd1 Qxg2+ 31. Ke1 Qg1+ 32. Ke2 Qxd1+ 33. Ke3
Qg1+ 34. Kd3 Be4+ 35. Ke2 Qg2+ 36. Ke3 Qxh3+ 37. Ke2 Qg2+ 38. Ke3 Qf3+ 0-1